الاحكام السلطانية

Bibliographic Details
Main Authors: ابن الفراء، ابو يعلى محمد بن الحسين (Author), فقي, محمد (Author)
Format: Book
Published: Bayrut Dar al-Kutub al-Ilmiyah 1983
Subjects:

MARC

LEADER 00000cam a2200000 7i4500
001 0000000231
008 021118s1983
090 0 0 |a K3150  |b .A24 1983 
100 0 |a ابن الفراء، ابو يعلى محمد بن الحسين  |e author 
241 0 3 |a al-Ahkam al-sultaniyah 
245 1 2 |a الاحكام السلطانية  |c ابو يعلى محمد بن الحسين الفراء الحنبلى، صححه وعلق عليه محمد حامد الفقى 
260 2 |a Bayrut  |b Dar al-Kutub al-Ilmiyah  |c 1983 
300 |a 333 p.  |c 25 cm 
650 0 |a Public law (Islamic law) 
700 1 |a فقي, محمد  |e author 
999 |a 1000050471  |b Book  |c OPEN SHELF (30 DAYS)  |e Gong Badak Campus